[Event "Irish Championship 2008"]
[Site "Dublin IRL"]
[Date "2008.07.13"]
[Round "9"]
[White "Loughran, John"]
[Black "Boyle, Bernard"]
[Result "1-0"]
[WhiteElo "1805"]
[BlackElo "1945"]
[WhiteICU "1654"]
[BlackICU "1798"]
[WhiteClub "Elm Mount"]
[BlackClub "Elm Mount"]
[WhiteNationality "IRL"]
[BlackNationality "IRL"]
[WhiteFideId "2501562"]
[BlackFideId "2501830"]
[WhiteICUId "795"]
[BlackICUId "3172"]
[PlyCount "153"]
[EventDate "2008.07.05"]
[Source "ICU web site; TWIC 714"]

{ Source: Mark Orr, <a href="https://www.icu.ie/articles/188">Irish Chess
Championships 2008</a>, ICU web site; TWIC 714. } { Event information: <a
href="https://www.irlchess.com/irlch2008_allfiles/pairings_irlch2008.html">Tournament
report</a>. }

1. c4 b6 2. Nc3 Bb7 3. Nf3 e6 4. g3 f5 5. Bg2 Nf6 6. O-O Be7 7. d4 O-O 8.
b3 Ne4 9. Bb2 Bf6 10. Ne5 Nxc3 11. Bxc3 Bxg2 12. Kxg2 d6 13. Nf3 Nd7 14.
Qc2 Qe8 15. Rad1 Qh5 16. Rh1 c5 17. dxc5 Nxc5 18. Bxf6 Rxf6 19. Rxd6 Rh6
20. Qd1 Qh3+ 21. Kg1 Rf8 22. Rd8 Rf6 23. Rxf8+ Rxf8 24. Qd6 f4 25. Ng5 Qg4
26. Nf3 Ne4 27. Qd4 fxg3 28. hxg3 Qf5 29. Rh4 Nf6 30. Qd3 Qa5 31. Qd2 Qxd2
32. Nxd2 Rd8 33. Nf3 Rd1+ 34. Kg2 Ra1 35. a4 Ra2 36. e3 Rb2 37. Rd4 Rxb3
38. Ng5 g6 39. Nxe6 Rb4 40. c5 bxc5 41. Nxc5 a5 42. Kf3 Kf7 43. Nd3 Rb3 44.
e4 Ke7 45. Kf4 h6 46. e5 Nh5+ 47. Ke4 Ra3 48. Nc5 Ra2 49. Ke3 Ra3+ 50. Rd3
Ra1 51. Ke4 Re1+ 52. Kd5 Ng7 53. f4 g5 54. fxg5 hxg5 55. g4 Ne8 56. Rd4 Rb1
57. Kc6 Rb2 58. Rd7+ Kf8 59. Ne6+ Kg8 60. Rd4 Re2 61. Kd5 Ra2 62. Nxg5 Nc7+
63. Kd6 Rc2 64. e6 Kg7 65. Ne4 Kg6 66. Kd7 Rc1 67. e7 Kf7 68. Nd6+ Kf6 69.
Rf4+ Kg5 70. Rc4 Rxc4 71. Nxc4 Nd5 72. e8=Q Nf6+ 73. Ke7 Nxe8 74. Kxe8 Kxg4
75. Nxa5 Kf5 76. Kd7 Ke5 77. Kc6 1-0

[Event "Irish Championship 2008"]
[Site "Dublin IRL"]
[Date "2008.07.13"]
[Round "9"]
[White "Conquest, Stuart"]
[Black "Baburin, Alexander"]
[Result "0-1"]
[WhiteTitle "GM"]
[BlackTitle "GM"]
[WhiteElo "2536"]
[BlackElo "2526"]
[BlackICU "2534"]
[BlackClub "Kilkenny"]
[WhiteNationality "ENG"]
[BlackNationality "IRL"]
[WhiteFideId "400181"]
[BlackFideId "2500914"]
[BlackICUId "7085"]
[PlyCount "104"]
[EventDate "2008.07.05"]
[Source "ICU web site; TWIC 714"]

{ Source: Mark Orr, <a href="https://www.icu.ie/articles/188">Irish Chess
Championships 2008</a>, ICU web site; TWIC 714. } { Event information: <a
href="https://www.irlchess.com/irlch2008_allfiles/pairings_irlch2008.html">Tournament
report</a>. }

1. e4 Nf6 2. e5 Nd5 3. d4 d6 4. Bc4 Nb6 5. Bb3 Bf5 6. Qf3 Qc8 7. Ne2 Nc6 8.
Qg3 g6 9. Bf4 Bg7 10. Nd2 a5 11. a4 Nb4 12. O-O O-O 13. Qh4 Bxc2 14. Bxc2
Nxc2 15. Rac1 Nxd4 16. Nxd4 dxe5 17. Nb5 exf4 18. Nxc7 Rb8 19. Na6 Qd8 20.
Nxb8 Qxd2 21. Rfd1 Qb4 22. Nd7 Nxd7 23. Rxd7 Bxb2 24. Rb1 Qe4 25. Rbd1 Bf6
26. Qg4 Qxa4 27. Rxb7 Kg7 28. h3 Rc8 29. Qd7 Qxd7 30. Rbxd7 Ra8 31. Rd8 Ra6
32. Rc8 a4 33. Rdd8 Re6 34. Kf1 a3 35. Ra8 Bb2 36. Rd1 Rc6 37. Ke2 Rc7 38.
Rd3 g5 39. Rd5 h6 40. Ra6 e6 41. Rd3 e5 42. f3 Rc2+ 43. Rd2 Rxd2+ 44. Kxd2
f5 45. Kd3 h5 46. Ra5 Kf6 47. Ra6+ Ke7 48. Kc2 g4 49. Rh6 e4 50. Rxh5 g3
51. Rxf5 exf3 52. gxf3 Bf6 0-1

[Event "Irish Championship 2008"]
[Site "Dublin IRL"]
[Date "2008.07.13"]
[Round "9"]
[White "Benson, Oisin P."]
[Black "Cafolla, Peter"]
[Result "1-0"]
[WhiteElo "1852"]
[BlackElo "2055"]
[WhiteICU "1785"]
[BlackICU "2004"]
[WhiteClub "St. Benildus"]
[BlackClub "Rathmines"]
[WhiteNationality "IRL"]
[BlackNationality "IRL"]
[WhiteFideId "2501821"]
[BlackFideId "2500884"]
[WhiteICUId "5884"]
[BlackICUId "159"]
[PlyCount "139"]
[EventDate "2008.07.05"]
[Source "ICU web site; TWIC 714"]
[WhiteFullName "Benson, Ois&iacute;n P."]

{ Source: Mark Orr, <a href="https://www.icu.ie/articles/188">Irish Chess
Championships 2008</a>, ICU web site; TWIC 714. } { Event information: <a
href="https://www.irlchess.com/irlch2008_allfiles/pairings_irlch2008.html">Tournament
report</a>. }

1. d4 d5 2. c4 e6 3. Nc3 c5 4. cxd5 exd5 5. Nf3 Nc6 6. g3 Nf6 7. Bg2 Be7 8.
O-O O-O 9. Bg5 cxd4 10. Nxd4 Re8 11. Rc1 h6 12. Be3 Bg4 13. h3 Be6 14. Nxc6
bxc6 15. Na4 Qd7 16. Kh2 Rab8 17. b3 Bf5 18. Bc5 Bd8 19. e3 Ne4 20. Bd4 Ng5
21. Nc5 Qc8 22. h4 Ne6 23. Nxe6 Qxe6 24. Qd2 Rb7 25. Qc3 Rc7 26. Rfd1 Kh7
27. Qa5 Qd7 28. Qa6 Re6 29. Qf1 g5 30. Bh3 Bxh3 31. Qxh3 gxh4 32. gxh4 Qd6+
33. Qg3 Bxh4 34. Qxd6 Rxd6 35. Be5 Rcd7 36. Bxd6 Rxd6 37. Rc2 Be7 38. Rdc1
Rf6 39. Kg2 c5 40. Rd1 Rd6 41. Rcd2 Ra6 42. Rxd5 Kg6 43. R1d2 h5 44. Kh3
Re6 45. Rd1 Re4 46. Rg1+ Kh6 47. Rg8 c4 48. bxc4 Rxc4 49. Rh8+ Kg7 50.
Rhxh5 Rc2 51. Kg2 Bb4 52. a4 a5 53. Rxa5 Bxa5 54. Rxa5 Ra2 55. Kg3 Kg6 56.
f4 Ra3 57. f5+ Kg5 58. Kf3 Ra1 59. Ke4 Re1 60. Ra8 Rb1 61. Rd8 Ra1 62. Rd4
Ra3 63. Rb4 Kg4 64. Ke5+ Kg5 65. e4 Rc3 66. Kd4 Rc1 67. Rc4 Re1 68. Kc5 Kf4
69. a5 Rb1 70. Rb4 1-0

[Event "Irish Championship 2008"]
[Site "Dublin IRL"]
[Date "2008.07.13"]
[Round "9"]
[White "Jessel, Stephen"]
[Black "Daly, Colm"]
[Result "1-0"]
[WhiteTitle "FM"]
[BlackTitle "FM"]
[WhiteElo "2294"]
[BlackElo "2311"]
[WhiteICU "2239"]
[BlackICU "2277"]
[WhiteClub "Phibsboro"]
[WhiteNationality "IRL"]
[BlackNationality "IRL"]
[WhiteFideId "628859"]
[BlackFideId "2500434"]
[WhiteICUId "4790"]
[BlackICUId "295"]
[PlyCount "147"]
[EventDate "2008.07.05"]
[Source "ICU web site; TWIC 714"]

{ Source: Mark Orr, <a href="https://www.icu.ie/articles/188">Irish Chess
Championships 2008</a>, ICU web site; TWIC 714. } { Event information: <a
href="https://www.irlchess.com/irlch2008_allfiles/pairings_irlch2008.html">Tournament
report</a>. }

1. e4 c5 2. Nf3 d6 3. d4 cxd4 4. Nxd4 Nf6 5. Nc3 Nc6 6. Be2 e5 7. Nf3 h6 8.
O-O Be7 9. Re1 O-O 10. h3 a6 11. b3 b5 12. a3 Bb7 13. Bb2 Rc8 14. Bd3 Nb8
15. Nh2 Nbd7 16. Nf1 Nc5 17. Ng3 Re8 18. Bf1 Bf8 19. Qd2 g6 20. a4 b4 21.
Nd5 Ncxe4 22. Nxf6+ Nxf6 23. Qxb4 Qc7 24. c4 d5 25. Qd2 a5 26. Bc3 Ra8 27.
cxd5 Nxd5 28. Rac1 Nxc3 29. Rxc3 Qb6 30. Rec1 Rad8 31. Qc2 e4 32. Bb5 Re6
33. Nf1 Bb4 34. Rc4 Red6 35. Qe2 Ba3 36. Ra1 Bc5 37. Rac1 Bd4 38. R4c2 h5
39. Ne3 Rf6 40. Qe1 Ra8 41. Rd1 Kg7 42. Nc4 Qc5 43. Re2 Rd8 44. Rc1 Qg5 45.
Rcc2 h4 46. Nxa5 Bc8 47. Qc1 e3 48. fxe3 Bb6 49. Nc4 Ba7 50. Kh1 Be6 51. e4
Qg3 52. Rc3 Rd3 53. Rxd3 Qxd3 54. Nd2 Qd4 55. Nf3 Qb6 56. Qb2 Bxb3 57. Qa1
Kg8 58. Nxh4 Rf4 59. Nf3 Be6 60. Kh2 Bb8 61. e5 Bd5 62. Qc3 Ba7 63. Kg3 Rf5
64. Qc1 Qe6 65. Bd3 Rh5 66. Be4 Bc4 67. Rc2 Bb3 68. Rc6 Qe7 69. Rc7 Qb4 70.
Rxa7 Qxe4 71. Qc8+ Kg7 72. Ra8 g5 73. Qg8+ Kh6 74. Qh8+ 1-0